| 000 | 00994nam a2200337Ia 4500 | ||
|---|---|---|---|
| 008 | 160803s9999 xx 000 0 und d | ||
| 020 | _a978-0439204217 | ||
| 100 | _aJohnston, Jennifer | ||
| 245 | 4 | _aThe great shark escape / | |
| 245 | _cwritten by Jennifer Johnston ; illustrations by Ted Enik. | ||
| 260 | _aNew York : | ||
| 260 | _bScholastic Inc. | ||
| 260 | _c2000 | ||
| 300 | _a85 pages : | ||
| 300 | _billustrations ; | ||
| 300 | _c20 cm. | ||
| 440 | _aThe Magic school bus : a science chapter book ; | ||
| 440 | _v#7 | ||
| 500 | _a"Based on The Magic School Bus books written by Joanna Cole and illustrated by Bruce Degen."--Title page verso. | ||
| 650 | _aAquariums -- | ||
| 650 | _aFear -- | ||
| 650 | _aHeroes -- | ||
| 650 | _aSharks -- | ||
| 650 | _aSharks -- | ||
| 650 | _xJuvenile fiction. | ||
| 650 | _xJuvenile fiction. | ||
| 650 | _xJuvenile fiction. | ||
| 650 | _xJuvenile fiction. | ||
| 650 | _xJuvenile fiction. | ||
| 700 | _a510 | ||
| 999 |
_c298545 _d298545 |
||